00419 a2200121 4500001001000000005001700010008004100027245006500068100002600133700001900159773010200178999001700280ART_3958020260410162012.0260409a 10aLa teoría estándar de la decisión racional bajo riesgo1 aMarqués, Gustavo L.1 aWeisman, Diego0 tDocumentos del CIECEgEnsayos sobre racionalidad en economía - Nº 4 (ene./jun. 2008)wREV39541 c32280d32280